| 000 | 00810nam a22001935i 4500 | ||
|---|---|---|---|
| 001 | 165581 | ||
| 003 | ES-MaACL | ||
| 005 | 20230906213152.0 | ||
| 008 | 050826s1881 it | |||||||| ||ita d | ||
| 100 | 1 |
_aSormani, Giuseppe. _9132834 |
|
| 245 | 1 | 0 |
_aGeografia nosologica dell'Italia / _cstudio del dottore Giuseppe Sormani. |
| 260 |
_aRoma : _b[s.n.], _c1881 ( _fTip. Eredi Botta) |
||
| 300 |
_aXVI, 335 p. ; _c26 cm. |
||
| 594 | _aPrecede al tít.: Ministero di Agricoltura, Industria e Commercio, Direzione di Stadistica. | ||
| 595 | _aEstratte dagli Annali di statistica, serie 2ª, n. 6. | ||
| 650 | 4 |
_aGeografía médica- _zItalia. _9171557 |
|
| 710 | 1 |
_aItalia. _bMinistero di Agricoltura, Industria e Commercio. _9155577 |
|
| 852 |
_aES-MaACL _jC-11225 _z- Enc. hol. _z- Donativo de Vicente Cabello |
||
| 999 |
_c165581 _d165581 |
||